Normal view
MARC view
- الحرب الامريكية البريطانية على العراق 2003
Entry Topical Term
001 - CONTROL NUMBER
- control field: 43758
003 - CONTROL NUMBER IDENTIFIER
- control field: JO-AjAnu
005 - DATE AND TIME OF LATEST TRANSACTION
- control field: 20230606081241.0
008 - FIXED-LENGTH DATA ELEMENTS
- fixed length control field: 230606|| aca||aabn | a|a d
040 ## - CATALOGING SOURCE
- Original cataloging agency: JO-AjAnu
- Transcribing agency: JO-AjAnu
150 ## - HEADING--TOPICAL TERM
- Topical term or geographic name entry element: الحرب الامريكية البريطانية على العراق 2003
670 ## - SOURCE DATA FOUND
- Source citation: Work cat.: (JO-AjAnu)22402: الهزاط، محمد واخرون, author 43757, احتلال العراق :الأهداف-النتائج- المستقبل